| 000 | 00948pam a2200277 a 4500 | ||
|---|---|---|---|
| 999 |
_c26828 _d26828 |
||
| 001 | 3735341 | ||
| 003 | OSt | ||
| 005 | 20170206144319.0 | ||
| 008 | 811215s1981 ilua b 001 0beng | ||
| 010 | _a 81082250 | ||
| 020 |
_a0940114143 : _c$25.00 |
||
| 040 |
_aDLC _cDLC _dDLC |
||
| 050 | 0 | 0 |
_aND237.B2614 _bL6 |
| 082 | 0 | 0 |
_a759.13 _aB _219 |
| 100 | 1 | _aLove, Richard H. | |
| 245 | 1 | 0 |
_aJohn Barber, the artist, the man / _cRichard H. Love. |
| 250 | _a1st ed. | ||
| 260 |
_aChicago : _bHaase-Mumm Pub. Co. : _bDistributed by the Amart Book and Cataloging Distributing Co., _cc1981. |
||
| 300 |
_axv, 189 p. : _bill. ; _c27 cm. |
||
| 500 | _aIncludes index. | ||
| 504 | _aBibliography: p. 177-189. | ||
| 600 | 1 | 0 |
_aBarber, John, _d1893-1965. |
| 650 | 0 |
_aPainters _zUnited States _vBiography. |
|
| 906 |
_a7 _bcbc _corignew _d1 _eopcn _f19 _gy-gencatlg |
||
| 942 |
_2lcc _cBOOKS _hND 237 .B2614L6 1981 |
||